Зимний футбол: учебное пособие
| Hlavní autor: | |
|---|---|
| Korporativní autor: | |
| Další autoři: | , |
| Shrnutí: | Заглавие с титульного экрана Электронная версия печатной публикации В пособии доступно излагаются основные понятия и научные сведения о зимнем футболе. Рассмотрены перспективы развития данного вида спорта как учебной специализации. На основе педагогического эксперимента подтверждена эффективность программно-методического содержания учебной программы по зимнему футболу. Приведены задания и тесты для оценки теоретических знаний и практических навыков студентов. Предназначено для студентов, обучающихся по направлению "Физическая культура" и по специальности "Физическая культура и спорт". Режим доступа: из корпоративной сети ТПУ |
| Jazyk: | ruština |
| Vydáno: |
Томск, Изд-во ТПУ, 2013
|
| Témata: | |
| On-line přístup: | http://www.lib.tpu.ru/fulltext2/m/2014/m168.pdf |
| Médium: | MixedMaterials Elektronický zdroj Kniha |
| KOHA link: | https://koha.lib.tpu.ru/cgi-bin/koha/opac-detail.pl?biblionumber=263942 |
MARC
| LEADER | 00000nlm0a2200000 4500 | ||
|---|---|---|---|
| 001 | 263942 | ||
| 005 | 20231227101740.0 | ||
| 035 | |a (RuTPU)RU\TPU\book\286933 | ||
| 090 | |a 263942 | ||
| 100 | |a 20140614d2013 m y0rusy50 ca | ||
| 101 | 0 | |a rus | |
| 102 | |a RU | ||
| 105 | |a a j 001zy | ||
| 135 | |a drcn ---uucaa | ||
| 181 | 0 | |a i | |
| 182 | 0 | |a b | |
| 200 | 1 | |a Зимний футбол |e учебное пособие |f А. А. Ильин, В. И. Андреев, Л. В. Капилевич |g Национальный исследовательский Томский политехнический университет (ТПУ) | |
| 203 | |a Текст |c электронный | ||
| 210 | |a Томск |c Изд-во ТПУ |d 2013 | ||
| 300 | |a Заглавие с титульного экрана | ||
| 300 | |a Электронная версия печатной публикации | ||
| 330 | |a В пособии доступно излагаются основные понятия и научные сведения о зимнем футболе. Рассмотрены перспективы развития данного вида спорта как учебной специализации. На основе педагогического эксперимента подтверждена эффективность программно-методического содержания учебной программы по зимнему футболу. Приведены задания и тесты для оценки теоретических знаний и практических навыков студентов. Предназначено для студентов, обучающихся по направлению "Физическая культура" и по специальности "Физическая культура и спорт". | ||
| 333 | |a Режим доступа: из корпоративной сети ТПУ | ||
| 337 | |a Adobe Reader | ||
| 606 | 1 | |a Футбол |2 stltpush |3 (RuTPU)RU\TPU\subj\17122 |9 42939 | |
| 610 | 1 | |a электронный ресурс | |
| 610 | 1 | |a учебные пособия | |
| 610 | 1 | |a труды учёных ТПУ | |
| 610 | 1 | |a зимний футбол | |
| 610 | 1 | |a физическое воспитание | |
| 610 | 1 | |a студенты | |
| 610 | 1 | |a физическая культура | |
| 675 | |a 796.332(075.8) |v 3 | ||
| 700 | 1 | |a Ильин |b А. А. |g Александр Александрович | |
| 701 | 1 | |a Андреев |b В. И. |c специалист в области физической культуры и спорта |c профессор Томского политехнического университета, доктор педагогических наук |f 1954- |g Владимир Игоревич |3 (RuTPU)RU\TPU\pers\24802 |9 11017 | |
| 701 | 1 | |a Капилевич |b Л. В. |c специалист в области физической культуры и спорта |c профессор Томского политехнического университета, доктор медицинских наук |f 1963- |g Леонид Владимирович |3 (RuTPU)RU\TPU\pers\24823 |9 11028 | |
| 712 | 0 | 2 | |a Национальный исследовательский Томский политехнический университет (ТПУ) |b Институт социально-гуманитарных технологий (ИСГТ) |b Кафедра физического воспитания (ФВ) |3 (RuTPU)RU\TPU\col\18904 |
| 801 | 1 | |a RU |b 63413507 |c 20140614 | |
| 801 | 2 | |a RU |b 63413507 |c 20160617 |g RCR | |
| 856 | 4 | |u http://www.lib.tpu.ru/fulltext2/m/2014/m168.pdf | |
| 942 | |c CF | ||